Science Quiz

Random Science or Clickable Quiz
Score 0/28 Timer 07:00
2 Plays Today
% Correct
7
97.8%
3
97.4%
​23
96.6%
​19
96.4%
​41
95.6%
​47
95.5%
​​125
93.9%
​10
92.7%
​38
89.7%
​20
84.2%
​62
83%
​78
78.5%
​40
76%
​98
75.8%
% Correct
​68
74.6%
​​100
72.6%
​36
71.3%
​56
70.4%
​​126
69.2%
​48
67.8%
​80
61.3%
​96
59.8%
​88
59.4%
​​192
56.7%
​​132
52.9%
​​120
46.6%
​​160
45.8%
​​144
42%
Remove Ads.
Support Sporcle.
Get the best of Sporcle when you Go Orange. This ad-free experience offers more features, more stats, and more fun while also helping to support Sporcle. Thank you for becoming a member.

You're not logged in!

Compare scores with friends on all Sporcle quizzes.
OR
Log In

Sporcle TV

Today on Sporcle TV


Watch our educational content, quiz creation guides, and fun videos on Sporcle TV.

Show Comments

Extras

Top Quizzes Today


Score Distribution

Paid Content

Your Account Isn't Verified!

In order to create a playlist on Sporcle, you need to verify the email address you used during registration. Go to your Sporcle Settings to finish the process.

Report this User

Report this user for behavior that violates our Community Guidelines.

Details: